LEADER 01014nam0-22002891i-450- 001 990006948520403321 005 0010906 035 $a000694852 035 $aFED01000694852 035 $a(Aleph)000694852FED01 035 $a000694852 100 $a20010906d1913----km-y0itay50------ba 101 0 $ager 105 $ay---m---000yy 200 1 $a<>Diebsthal nach dem geltenden Recht (242), dem Vorentwurf (269) und dem Gegentwurf (297), unter besonderer Berücksichtigung der subjektiven Seite$fLudwig Feulner 210 $aDachau$cMondrions$d1913 215 $a86 p.$d24 cm 328 $aDissertation 676 $a345.026$v20$zita 700 1$aFeulner,$bLudwig$0255935 801 0$aIT$bUNINA$gRICA$2UNIMARC 901 $aBK 912 $a990006948520403321 952 $aDISSERTAZIONE I 9$b19471$fFGBC 959 $aFGBC 996 $aDiebsthal nach dem geltenden Recht (242), dem Vorentwurf (269) und dem Gegentwurf (297), unter besonderer Berücksichtigung der subjektiven Seite$9701769 997 $aUNINA LEADER 00781nam0-22002891i-450- 001 990006514610403321 005 20001010 035 $a000651461 035 $aFED01000651461 035 $a(Aleph)000651461FED01 035 $a000651461 100 $a20001010d--------km-y0itay50------ba 101 0 $aita 105 $ay-------001yy 200 1 $aDEUTSCHLAND in der Mitte Europas 210 $aStuttgart$cKlett$d1971. 215 $aIV, 163 p.$d22 cm 225 1 $aLander und Volker Erdkundliches Unterrichtswerk Ausgabe B.$v5 676 $a914.3 801 0$aIT$bUNINA$gRICA$2UNIMARC 901 $aBK 912 $a990006514610403321 952 $aXV TA 24$b9206$fFSPBC 959 $aFSPBC 996 $aDEUTSCHLAND in der Mitte Europas$9620992 997 $aUNINA DB $aGEN01 LEADER 01165nam a22003011i 4500 001 991002657279707536 005 20040422161636.0 008 040624s1984 it a||||||||||||||||ita 035 $ab12957379-39ule_inst 035 $aARCHE-091505$9ExL 040 $aDip.to Beni Culturali$bita$cA.t.i. Arché s.c.r.l. Pandora Sicilia s.r.l. 082 04$a938.504 245 00$aAtene, 478-401 a. C. /$ca cura di J. B. Bury, S. A. Cook, F. E. Adcock ; traduzione di Livia Bargilli Moscone 260 $aMilano :$bIl saggiatore,$c1984 300 $a744 p. :$bill. ;$c21 cm 440 0$aStoria antica ;$v5 440 3$aLa cultura.$pBiblioteca storica dell'antichità ;$v19 651 4$aAtene$ySec. 5. a.C. 700 1 $aBury, John Bagnell 700 1 $aCook, Stanley Arthur 700 1 $aAdcock, Frank Ezra 700 1 $aMoscone Bargilli, Livia 907 $a.b12957379$b02-04-14$c12-07-04 912 $a991002657279707536 945 $aLE001 AN I 10c$g1$i2001000044610$lle001$nV. 5. - C. 1$o-$pE0.00$q-$rl$s- $t0$u2$v0$w2$x0$y.i1355850x$z12-07-04 996 $aAtene, 478-401 a. C$9168444 997 $aUNISALENTO 998 $ale001$b12-07-04$cm$da $e-$fita$git $h0$i1